000 00289nam a2200109Ia 4500
008 200302s9999 xx 000 0 und d
100 _aShaili Chokshi
245 _aStudy of Colonial Clubs as A Building Type
260 _bCept University Press Ahmedabad
260 _c2012
300 _a126 P.,
999 _c3188
_d3188